000 00663nam a2200229Ia 4500
003 OSt
005 20220928113607.0
006 a|||||r|||| 00| 0
007 ta
008 220927b |||||||| |||| 00| 0 eng d
024 _a94309
037 _cTextual
040 _aSDCL
_cSDCL
_beng
041 _2eng
_aeng
082 _aV73:19'N5, K9
100 _aFinkelstein Lawrence
_9433976
245 0 _aUnited States and international organization
_b The changing setting
260 _aCalcutta
_bScientific Book Agency
_c1969
300 _avii,216p
_ccm.
942 _hV73:19'N5, K9
_cTEXL
_2CC
999 _c750377
_d750377